| Tag |
First Indicator |
Second Indicator |
Subfields |
| LEADER |
00000cam a2200000 i 4500 |
| 001 |
in00001136878 |
| 005 |
20150930084517.0 |
| 008 |
750829s1914 nyuabcf 001 0 eng |
| 010 |
|
|
|a 75512571
|
| 035 |
|
|
|a (OCoLC)01638773
|
| 035 |
|
|
|9 AFX7350AM
|
| 040 |
|
|
|a DLC
|c DLC
|d UtOrBLW
|
| 043 |
|
|
|a n-us-nc
|
| 049 |
|
|
|a TXAM
|
| 050 |
0 |
0 |
|a F257
|b .F54 1914
|
| 082 |
0 |
|
|a 975.6/02
|
| 100 |
1 |
|
|a Fitch, William Edward,
|d 1867-
|
| 245 |
1 |
0 |
|a Some neglected history of North Carolina :
|b being an account of the revolution of the regulators and of the battle of Alamance, the first battle of the American Revolution /
|c by William Edward Fitch.
|
| 250 |
|
|
|a 2d ed.
|
| 264 |
|
1 |
|a New York :
|b Fitch,
|c 1914.
|
| 300 |
|
|
|a 307 pages, 9 unnumbered leaves of plates :
|b illustrations, folded maps, portrait :
|b 21 cm.
|
| 336 |
|
|
|a text
|b txt
|2 rdacontent
|
| 337 |
|
|
|a unmediated
|b n
|2 rdamedia
|
| 338 |
|
|
|a volume
|b nc
|2 rdacarrier
|
| 500 |
|
|
|a Includes index.
|
| 651 |
|
0 |
|a North Carolina
|x History
|y Regulator Insurrection, 1766-1771.
|
| 740 |
0 |
|
|a Some neglected history of North Carolina, ...
|
| 999 |
|
|
|a MARS
|
| 999 |
f |
f |
|s 88943df8-e75a-392f-95be-f5c3692ff11c
|i 62c19e06-7f85-3daf-8fd7-6e33306b6f4b
|t 0
|
| 952 |
f |
f |
|p ric
|a Texas A&M University
|b Rellis Campus
|c Joint Library Facility
|d Remote Storage
|t 0
|e F257 .F54 1914
|h Library of Congress classification
|i unmediated -- volume
|m A14817624008
|
| 998 |
f |
f |
|a F257 .F54 1914
|t 0
|l Remote Storage
|